| 000 | 00675nam a22001937a 4500 | ||
|---|---|---|---|
| 999 |
_c63337 _d63337 |
||
| 005 | 20250918200123.0 | ||
| 008 | 250918s2002 ge ||||| |||| 00| 0 goh d | ||
| 020 | _a9992891378 | ||
| 041 | _agoh | ||
| 080 | _a811. 112.2 G-98 | ||
| 100 |
_aGvenzadze, Mzia _925844 |
||
| 245 |
_aEinführung in die Stilistik der deutschen Sprache : _b _cGwenzadze Mzia; Red. red. Lali Kezba-Khundadze |
||
| 264 |
_aTbilisi : _bbakur-sulakauri, _c2002. |
||
| 300 |
_a179 p.. ; _b23 cm. |
||
| 653 | _a სტილისტიკა | ||
| 653 | _aგერმანული ენა | ||
| 700 |
_a Kezba-Khundadze, Lali _eრედაქტორი _912249 |
||
| 942 |
_2udc _cᲬᲘᲒᲜᲘ |
||